00353nam a2200121 a 450000100100000000500170001000800410002704000250006810000300009324500500012326000360017330000220020900002875220200930055121.0110412s1976 dr 000 0 spa d aDO-SdBNPbspacBNPHU1 aBastardo, Jesús María10aRosas de oriente /cJesús María Bastardo. aSanto Domingo :b[s.n.],c1976. a[40] p. ;c22 cm.